| 000 | 00391nam a2200157Ia 4500 | ||
|---|---|---|---|
| 008 | 230524s9999 xx 000 0 und d | ||
| 082 |
_a401 _bFLO |
||
| 100 |
_aAlan Flowen _917549 |
||
| 245 | 0 | _aWriting Job Description | |
| 250 | _a1ST | ||
| 260 |
_aNEW DELHI _bUniversity Press _c2000 |
||
| 300 | _aV;71 | ||
| 500 | _aQuantity Number: 1 | ||
| 650 |
_aMiscellaneous _91877 |
||
| 942 | _cBK | ||
| 999 |
_c26551 _d26551 |
||